000 00863cab a2200253 4500
001 ABS58241
008 090401t1998 xxu||||| |||| 00| 0 eng d
035 _a(Sirsi) u84364
041 _aeng
100 _aGordon, M.
245 2 _aA new deal?
260 _c1998
350 _a0
490 _aContract Journal
_v392(6163) 18 February 1998, 14-15(2)
520 _aConsiders the implications of the New Deal for construction. The scheme has been welcomed by large contractors but smaller firms remain sceptical. The author concludes that the deal could reduce skilled labour shortages only if it is widely accepted.
650 _aCONSTRUCTION INDUSTRY
650 _aCONTRACTORS
650 _aLABOUR SHORTAGES
650 _aNEW DEAL FOR CONSTRUCTION
650 _aSKILLED LABOUR
690 _aBUILT ENVIRONMENT
942 _n0
948 _c20/02/1998
999 _c53019
_d53019